00643nam a2200169 i 4500001000700000003000900007005001700016007000300033008004100036100003500077245011100112260007100223300004900294700003600343710006200379852003200441100611ES-MaACL20230906182716.0t|050930s1980 sp ||||1| spa d1 aMatallana González, Antonio.14aLos invernaderos y la crisis energética / cAntonio Matallana González, Josep Oriol Marfá i Pagés. aMadrid : bInstituto Nacional de Investigaciones Agrarias, c1980. a132 p. con gráf. 1-41, 3 lám. ; c24 cm.1 aMarfá i Pagés, Josep Oriol.2 aInstituto Nacional de Investigaciones Agrarias (España) aES-MaACLjL-1192 bR.101528